Introducción a la macroeconomía avanzada / (Registro nro. 8464)
[ vista simple ]
| 000 -LEADER | |
|---|---|
| fixed length control field | 03140nam a2200313Ia 4500 |
| 003 - CONTROL NUMBER IDENTIFIER | |
| control field | OSt |
| 005 - DATE AND TIME OF LATEST TRANSACTION | |
| control field | 20210901153145.0 |
| 008 - FIXED-LENGTH DATA ELEMENTS--GENERAL INFORMATION | |
| fixed length control field | 210310t2009 sp ad fr 001 0dspa d |
| 020 ## - INTERNATIONAL STANDARD BOOK NUMBER | |
| International Standard Book Number | 9788448162863 |
| 040 ## - CATALOGING SOURCE | |
| Original cataloging agency | CO-JMCR |
| Transcribing agency | CO-JMCR |
| 041 1# - LANGUAGE CODE | |
| Language code of text/sound track or separate title | spa |
| Language code of original | eng |
| 082 04 - DEWEY DECIMAL CLASSIFICATION NUMBER | |
| Classification number | 339 / |
| Item number | S713i |
| Edition number | 23 |
| 100 1# - MAIN ENTRY--PERSONAL NAME | |
| Personal name | Sorensen, Peter Birch, |
| 9 (RLIN) | 17349 |
| Relator term | autor |
| 245 10 - TITLE STATEMENT | |
| Title | Introducción a la macroeconomía avanzada / |
| Statement of responsibility, etc. | Peter Birch Sorensen, Hans Jorgen Whitta-Jacobsen ; traducción al castellano Esther Rabasco ; revisión técnica y adaptación, Ainhoa Herrarte Sánchez, Joaquín Vera Grijalba |
| 250 ## - EDITION STATEMENT | |
| Edition statement | Primera edición en español |
| 260 ## - PUBLICATION, DISTRIBUTION, ETC. | |
| Place of publication, distribution, etc. | Madrid : |
| Name of publisher, distributor, etc. | McGraw-Hill, |
| Date of publication, distribution, etc. | ©2009 |
| 300 ## - PHYSICAL DESCRIPTION | |
| Extent | xx, 457 páginas : |
| Other physical details | ilustraciones y gráficas a blanco y negro ; |
| Dimensions | 25 cm. |
| 500 ## - GENERAL NOTE | |
| General note | Incluye índice analítico, notas a pie de página y datos biográficos del autor.<br/>Título original : Introducing advanced macroeconomics : growth and business cycles. |
| 505 1# - FORMATTED CONTENTS NOTE | |
| Miscellaneous information | v.2. |
| Title | Ciclos económicos |
| 520 3# - SUMMARY, ETC. | |
| Summary, etc. | Introducción a la macroeconomía avanzada: crecimiento y ciclos económicos sirve de puente entre los libros de texto de macroeconomía intermedia y los más avanzados. Permite a los estudiantes comprender en profundidad algunos modelos fundamentales en macroeconomía y les presenta métodos de análisis macroeconómico formal. Este segundo volumen (ciclos económicos) se ocupa de la economía a corto plazo y centra la atención en la explicación de las fluctuaciones cíclicas. El primer volumen centra la atención en la macroeconomía del largo plazo, presentando y desarrollando modelos básicos de crecimiento y de desempleo estructural.<br/><br/>Características fundamentales: Motivación empírica y orientación hacia la política económica: este libro pasa revista a las regularidades empíricas que deben explicar los modelos y confronta sistemáticamente las predicciones teóricas con los datos empíricos. Destaca las consecuencias de las teorías presentadas para la política económica.<br/>Respeto por el rigor: en la presentación de los modelos, se utilizan las matemáticas lo necesario para que se comprendan perfectamente, pero se evitan los tecnicismos innecesarios, y siempre se mantiene el equilibrio entre el formalismo y las explicaciones verbales.<br/>Exposición modernizada de la teoría del crecimiento y de los ciclos económicos: el análisis del largo plazo incluye el crecimiento en la economía abierta y el crecimiento con recursos naturales escasos, así como el crecimiento endógeno impulsado por la investigación y el desarrollo. Los modelos de los ciclos económicos incluyen una exposición moderna de las reglas de política monetaria y los sistemas de fijación de un objetivo para la inflación. |
| 546 ## - LANGUAGE NOTE | |
| Language note | Traducción del inglés. |
| 650 14 - SUBJECT ADDED ENTRY--TOPICAL TERM | |
| Topical term or geographic name entry element | Macroeconomía |
| 9 (RLIN) | 17351 |
| 650 24 - SUBJECT ADDED ENTRY--TOPICAL TERM | |
| Topical term or geographic name entry element | Macroeconomía |
| General subdivision | Problemas, ejercicios, etc. |
| 9 (RLIN) | 39871 |
| 700 1# - ADDED ENTRY--PERSONAL NAME | |
| Personal name | Whitta-Jacobsen, Hans Jorgen, |
| Relator term | autor |
| 9 (RLIN) | 39872 |
| 700 1# - ADDED ENTRY--PERSONAL NAME | |
| Personal name | Rabasco, Esther, |
| Dates associated with a name | |
| Relator term | traductora |
| 9 (RLIN) | 4986 |
| 700 1# - ADDED ENTRY--PERSONAL NAME | |
| Personal name | Herrarte Sánchez, Ainhoa, |
| Relator term | revisora |
| 9 (RLIN) | 39873 |
| 700 1# - ADDED ENTRY--PERSONAL NAME | |
| Personal name | Vera Grijalba, Joaquín, |
| Relator term | revisor |
| 9 (RLIN) | 39874 |
| 942 ## - ADDED ENTRY ELEMENTS (KOHA) | |
| Source of classification or shelving scheme | Dewey Decimal Classification |
| Koha item type | Books |
| Withdrawn status | Lost status | Source of classification or shelving scheme | Damaged status | Not for loan | Collection code | Home library | Current library | Date acquired | Source of acquisition | Full call number | Barcode | Date last seen | Copy number | Koha item type | Total Checkouts | Date last checked out | Price effective from |
|---|---|---|---|---|---|---|---|---|---|---|---|---|---|---|---|---|---|
| Dewey Decimal Classification | Non-fiction | Biblioteca Pública José María del Castillo y Rada | Biblioteca Pública José María del Castillo y Rada | 04/15/2018 | Donación | 339 / S713i | 430000062 | 05/16/2024 | V.2 / Ej.1 | Books | |||||||
| Dewey Decimal Classification | Non-fiction | Biblioteca Pública José María del Castillo y Rada | Biblioteca Pública José María del Castillo y Rada | 04/15/2018 | Donación | 339 / S713i | 430005304 | 05/16/2024 | V.2 / Ej.2 | Books | 1 | 04/23/2024 | 09/01/2021 |